000 00427nam a22001457a 4500
005 20151202102030.0
008 151202b xxu||||| |||| 00| 0 eng d
040 _cPK-LaUMT
082 _aMSC 491.439
_bRAZ-U
100 _aرضی الدین رضی
245 _aاردو زبان و ادب بدلتے رجحانات
_cرضی الدین رضی
260 _aملتان
_bکتاب نگر
_c2009
300 _a124 ص
942 _cBK
999 _c79419
_d79419